Использование управлений избыточной размерности для автономизации управляемых выходов многомерных объектов регулирования; Известия Томского политехнического университета [Известия ТПУ]; Т. 309, № 7

Podrobná bibliografie
Parent link:Известия Томского политехнического университета [Известия ТПУ]/ Томский политехнический университет (ТПУ).— , 2000-
Т. 309, № 7.— 2006.— [С. 169-172]
Hlavní autor: Малышенко А. М. Александр Максимович
Shrnutí:Заглавие с титульного листа
Электронная версия печатной публикации
Систематизированы сведения о влиянии управлений избыточной размерности на автономизируемость выходов стационарных линейных динамических объектов, предложены алгоритмы синтеза обеспечивающих подобный эффект прекомпенсаторов и обратных связей по состоянию и выходу.
Jazyk:ruština
Vydáno: 2006
Edice:Технические науки
Témata:
On-line přístup:http://www.lib.tpu.ru/fulltext/v/Bulletin_TPU/2006/v309/i7/37.pdf
Médium: MixedMaterials Elektronický zdroj Kapitola
KOHA link:https://koha.lib.tpu.ru/cgi-bin/koha/opac-detail.pl?biblionumber=171809

MARC

LEADER 00000nla2a2200000 4500
001 171809
005 20231219142936.0
035 |a (RuTPU)RU\TPU\book\186282 
035 |a RU\TPU\book\186280 
090 |a 171809 
100 |a 20091208d2006 k y0rusy50 ca 
101 0 |a rus 
102 |a RU 
135 |a drnn ---uucaa 
181 0 |a i  
182 0 |a b 
200 1 |a Использование управлений избыточной размерности для автономизации управляемых выходов многомерных объектов регулирования  |f А. М. Малышенко 
203 |a Текст  |c электронный 
215 |a 1 файл (284 Кб) 
225 1 |a Технические науки 
300 |a Заглавие с титульного листа 
300 |a Электронная версия печатной публикации 
320 |a [Библиогр.: с. 172 (12 назв.)] 
330 |a Систематизированы сведения о влиянии управлений избыточной размерности на автономизируемость выходов стационарных линейных динамических объектов, предложены алгоритмы синтеза обеспечивающих подобный эффект прекомпенсаторов и обратных связей по состоянию и выходу. 
337 |a Adobe Reader 
461 1 |0 (RuTPU)RU\TPU\book\176237  |t Известия Томского политехнического университета [Известия ТПУ]  |f Томский политехнический университет (ТПУ)  |d 2000- 
463 1 |0 (RuTPU)RU\TPU\book\186202  |t Т. 309, № 7  |v [С. 169-172]  |d 2006  |p 274 с. 
610 1 |a использование 
610 1 |a избыточная размерность 
610 1 |a автономизация 
610 1 |a управляемые выходы 
610 1 |a многомерные объекты 
610 1 |a регулирование 
610 1 |a стационарные объекты 
610 1 |a линейные динамические объекты 
610 1 |a алгоритмы 
610 1 |a синтез 
610 1 |a прекомпенсаторы 
610 1 |a обратные связи 
610 1 |a труды учёных ТПУ 
610 1 |a электронный ресурс 
700 1 |a Малышенко  |b А. М.  |c специалист в области информатики и вычислительной техники  |c профессор Томского политехнического университета, доктор технических наук  |c член-корреспондент Академии электротехнических наук РФ  |c действительный член Международной академии наук высшей школы  |f 1937-  |g Александр Максимович  |3 (RuTPU)RU\TPU\pers\21983  |9 9294 
801 1 |a RU  |b 63413507  |c 20090623  |g PSBO 
801 2 |a RU  |b 63413507  |c 20211110  |g PSBO 
856 4 |u http://www.lib.tpu.ru/fulltext/v/Bulletin_TPU/2006/v309/i7/37.pdf 
942 |c CF